00301nam a2200133Ia 45000030006000000080041000060400015000471000012000622450022000742600036000963000006001325460012001380050017001500STCL150530s9999 xx 000 0 und d aSTCLcSTCL aSen, S. aTravels to Europe bOrient Longman; Hyderabadc2005 a0 aEnglish20220125171444.0